| 000 | 03227cam a22006734i 4500 | ||
|---|---|---|---|
| 003 | PE-LiUPU | ||
| 005 | 20250731170435.0 | ||
| 008 | 150625s1987 ck a r 000 0 spa d | ||
| 020 | _a9684220405 | ||
| 020 | _a9789684220409 | ||
| 035 | _a(Sirsi) i9789684220409 | ||
| 040 |
_aPE-LiUPU _bspa _cPE-LiUPU _erda |
||
| 049 | _aPRUA | ||
| 082 | 0 | 4 |
_a152 _bZ77 _221 |
| 100 | 1 |
_aZinser, Otto, _eautor. |
|
| 245 | 1 | 0 |
_aPsicologia experimental / _cOtto Zinser. |
| 264 | 1 |
_aBogotá : _bMcGraw-Hill, _c1987. |
|
| 300 |
_a526 páginas : _bilustraciones ; _c23 centímetros |
||
| 336 |
_atext _2rdacontent |
||
| 337 |
_aunmediated _2rdamedia |
||
| 338 |
_avolume _2rdacarrier |
||
| 505 | 0 | _aFundamentos de investigación psicológica -- tendencias y enfoques en la historia de la psicología -- Fundamentos conceptuales de la psicología experimental -- La búsqueda de material bibliográfico -- La identificación de un problema de investigación -- Metodología: los medios para conseguir validez interna y externa -- Métodos de investigación -- El control experimental -- Estadística descriptiva -- Estadística inferencial --Diseños experimentales y cuasi-experimentales de una variable -- Diseños experimentales multifactoriales -- Investigaciones con N pequeña -- Interpretación y generalización de los datos -- Comunicación de la investigación -- La ética de la investigación. | |
| 526 | _aSEG68 | ||
| 526 | _aSEG70 | ||
| 526 | _aSEG69 | ||
| 526 | _aSEG67 | ||
| 526 | _aSEG43 | ||
| 526 | _aP144 | ||
| 526 | _aP143 | ||
| 526 | _aP131 | ||
| 526 | _aP122 | ||
| 526 | _aP120 | ||
| 526 | _aP117 | ||
| 526 | _aP112 | ||
| 526 | _aP110 | ||
| 526 | _aP106 | ||
| 526 | _aP101 | ||
| 526 | _aP80 | ||
| 526 | _aP59 | ||
| 526 | _aP54 | ||
| 526 | _aP35 | ||
| 526 | _aP33 | ||
| 526 | _aP30 | ||
| 650 | 0 | 4 | _aDiseño experimental (Psicología). |
| 650 | 0 | 4 | _aPsicología experimental. |
| 700 | 1 |
_aSánchez G., José Antonio, _etraductor. |
|
| 942 |
_2ddc _cBOOK |
||
| 949 |
_a152 Z77 _wDEWEY _c1 _i31381 _lCCODEBUL1 _mBUL _r0 _sY _tBOOK _u2015-6-25 _xSALUD _zUNKNOWN _0COMPRA _o.STAFF. Colección Ciencias de la Salud |
||
| 949 |
_a152 Z77 _wDEWEY _c2 _i31382 _lCCODEBUL1 _mBUL _r0 _sY _tBOOK _u2015-6-25 _xSALUD _zUNKNOWN _0COMPRA _o.STAFF. Colección Ciencias de la Salud |
||
| 949 |
_a152 Z77 _wDEWEY _c3 _i31383 _d2016-9-5 _e2016-9-1 _lCCODEBUL1 _mBUL _n2 _r0 _sY _tBOOK _u2015-6-25 _xSALUD _zUNKNOWN _0COMPRA _o.STAFF. Colección Ciencias de la Salud |
||
| 994 |
_aC0 _bPEPRU |
||
| 596 | _a1 | ||
| 999 |
_a152 Z77 _wDEWEY _c38903 _i31381 _d38903 _f2021-11-3 _g5 _lCCODEBUL1 _mBUL _p30.00 _q2 _r0 _sY _tBOOK _u2015-6-25 _xSALUD _zUNKNOWN _0COMPRA _o.STAFF. Colección Ciencias de la Salud |
||
| 999 |
_a152 Z77 _wDEWEY _c2 _i31382 _d2019-10-7 _f2021-11-3 _g5 _lCCODEBUL1 _mBUL _p30.00 _q1 _r0 _sY _tBOOK _u2015-6-25 _xSALUD _zUNKNOWN _0COMPRA _o.STAFF. Colección Ciencias de la Salud |
||
| 999 |
_a152 Z77 _wDEWEY _c3 _i31383 _d2016-9-5 _e2016-9-1 _f2021-11-3 _g5 _lCCODEBUL1 _mBUL _n2 _p30.00 _r0 _sY _tBOOK _u2015-6-25 _xSALUD _zUNKNOWN _0COMPRA _o.STAFF. Colección Ciencias de la Salud |
||
| 980 |
_81 _gALBERTO SANCHEZ Responsable de Automatización |
||